Quizzes
Events
Quiz Creation
Community
Videos
Private Events
Remove Ads
Sign In
Join for FREE
Feedback
Dark Mode
Quiz Categories
Sports
Geography
Music
Movies
Television
Just For Fun
Miscellaneous
History
Literature
Language
Science
Gaming
Entertainment
Religion
Holiday
For Kids
Quiz Lab
Recent
Popular Today
Quiz Kudos Today
Editor Picks
Curator Picks
Quizzes by...
Day
Popularity
Type
Ratings
Length
Year
Community
Subscriptions
Recent Discussions
Orange Saloon
Badges
Playlists
Quests
Create
Leaderboards
Showdown
Live 5
Trivia Bingo
Activity
Puzzle Library
Sporcle Events
Private Events
Virtual Trivia
Globe League
Become a Host
Pub Owners
SporcleCon
Opinionation
Our Games
Videos
Blog
Mobile Apps
Partnerships
Remove Ads and Go Orange
Feedback
Sports
Athletes
MLB
NBA
NHL
NFL
Soccer
Sports Teams
WWE
NCAA
Football
Premier League
Basketball
Baseball
Hockey
Golf
Tennis
Cricket
Rugby
Auto Racing
Olympics
World Cup
Sports
Athletes
MLB
NBA
NHL
NFL
Soccer
Sports Teams
WWE
NCAA
Football
Premier League
Basketball
Baseball
Hockey
Golf
Tennis
Cricket
Rugby
Auto Racing
Olympics
World Cup
Random Quiz
Search Sporcle
×
Quiz Lab
Quiz Lab
Sports
Cycling
Type in answers that appear in a list
Type in answers that appear in a list
Classic
Best Score? Go Orange.
2011 Cycling: Ronde Van Vlaanderen Stats
Can you name the 2011 Cycling: Ronde Van Vlaanderen?
By
vogelpoep
3m
20 Questions
217 Plays
217 Plays
217 Plays
Comments
Comments
Give Quiz Kudos
Give Quiz Kudos
-
- Ratings
hide this ad
Replay
Link that replays current quiz
Next Quiz
Link to next quiz in quiz playlist
You Got
0%
They Got
Avg Score
40%
Avg Friend Score
Upgrade to see
Score Distribution
Jump to the score distribution portion of the page
Score
0/20
Timer
03:00
0
Plays Today
Result
Cyclist
% Correct
4.
Tom Boonen
97.2%
3.
Fabian Cancellara
95.4%
1.
Nick Nuyens
88.9%
2.
Sebastien Chavanel
78.8%
9.
Philippe Gilbert
75.6%
12.
Alessandro Ballan
61.3%
11.
Juan Antonio Flecha
59%
7.
Björn Leukemans
52.5%
5.
Sebastian Langeveld
50.2%
6.
George Hincapie
35%
Result
Cyclist
% Correct
13.
Tyler Farrar
32.3%
10.
Geraint Thomas
31.3%
8.
Staf Scheirlinckx
20.7%
14.
Bernhard Eisel
16.1%
20.
Maarten Wynants
6.9%
18.
José Joaquin Rojas
4.6%
16.
Danilo Hondo
3.7%
17.
Lloyd Mondory
3.2%
19.
Leonardo Fabio Duque
2.8%
15.
Dominique Rollin
2.3%
Quiz Playlist
Details
Report
Send in Message
Add To Playlist
Classic:
Type in answers that appear in a list
Quiz Source
Last Updated: Feb 16, 2017
Quiz Scoreboard
CHALLENGE
Sign Up to Join the Scoreboard
Show All
Scores
Hide
Comments
May contain spoilers
Recently Published
An Introduction to Baseball
by treessimontrees
Sports
5m
Movies - When Are They Set?
by FPL_Elf
Movies
5m
Popular People in 1961
by mucciniale
History
6m
More to Explore
Quiz From the Vault
Featured Blog Post
Where Did the Easter Bunny Come From?
hide this ad
You Might Also Like...
Tags
Cycling
Today's Top Quizzes in Sports
Browse Sports
hide this ad
Today's Top Quizzes in Cycling
Browse Cycling
Top Contributed Quizzes in Sports
1
Les meilleurs buteurs des matchs entre le PSG et l’OM
2
2022 World Cup Stars
3
FIFA Club World Cup Champions
4
Les entraîneurs de l'OM et du PSG au 21e siècle
5
Name the Premier League winners with different clubs
6
La finale Lions - Afrique du Sud 2021
7
Criteria MLB: Left Handed Sluggers
8
Les joueurs passés par le LOSC et le RC Lens
9
Players with Multiple 50 Home Run Seasons
10
MLB Players with Two .350 Batting Average Seasons
Explore More
Trending Topics
Anime
Marvel
Crossword
NBA
Disney
Kpop
Harry Potter
WWE
NFL
Pokémon
Country
Soccer
Song
Puzzle
The Office
hide this ad
More By:
vogelpoep
Quiz
Plays
Rating
Category
Featured
Created
Muse Song Scramble
1,130
5.00
Music
May 1, 2011
Artists by Genre (Clickable)
328
2.00
Music
May 24, 2012
2011 Cycling: Ronde Van Vlaanderen
217
5.00
Sports
Apr 12, 2011
Top 20 countries on the PCS ranking (Pro Cycling)
211
5.00
Sports
Aug 2, 2019
Mr Brightside Lyrics
196
4.00
Music
Dec 28, 2010
Go to Creator's Profile
Score Distribution
Quiz Creator Spotlight
vogelpoep
Follow
Send a Message
Quizzes Created
-
Created Quiz Play Count
-
More By This Creator
Popular Quizzes Today
1
Find the Countries of Europe - No Outlines Minefield
2
Find the US States - No Outlines Minefield
3
The Countries of the World
4
Popular People in 1961
5
US States
6
1-10 Letter E Words III
7
Find the US States
8
One Thing in Common: World Cities II
More Sports Quizzes
England's 2018 World Cup Squad
Published
Trending Quizzes
Risky Map Clicking: Least Populous States A-Z
1-10 Letter F Words
1-10 Letter G Words
One Thing in Common: United Kingdom
Risky Map Clicking: Next State Alphabetically
Recently Updated
Leaping Animals
pecheneg
Reality TV Shows (A-Z)
bhenderson79
Rickey Henderson's Hall of Fame Teammates
pecheneg
Champions League XIs: Arsenal
pecheneg
Quick Pick: Celebrities in WWE's Hall of Fame
aduchscher
A-Z Keypad Blitz II
pecheneg
Multiple Oscar Actors
pecheneg
Mystery Phrase Blitz: Oscar 'Best Actors'
pecheneg
F. Scott Fitzgerald Novels
LTH
Pick 3 Villains
ddd62291
Trending Topics
Marvel
Anime
Crossword
Harry Potter
Kpop
NBA
Disney
NFL
WWE
Pokémon
Puzzle
Country
The Office
Soccer
Song
Your Account Isn't Verified!
In order to create a playlist on Sporcle, you need to verify the email address you used during registration. Go to your
Sporcle Settings
to finish the process.
Report this User
Report this user for behavior that violates our
Community Guidelines
.
Details:
Send Report
Go to the Sporcle.com Mobile Site →
Comments